NLSUI OPAC header image

Wealth and illfare : (Record no. 115015)

MARC details
000 -LEADER
fixed length control field 01330cam a2200229 i 4500
003 - CONTROL NUMBER IDENTIFIER
control field OSt
005 - DATE AND TIME OF LATEST TRANSACTION
control field 20260408164713.0
008 - FIXED-LENGTH DATA ELEMENTS--GENERAL INFORMATION
fixed length control field 121024s2012 ii b 000 0 eng d
020 ## - INTERNATIONAL STANDARD BOOK NUMBER
International Standard Book Number 9788182911208 (pbk)
020 ## - INTERNATIONAL STANDARD BOOK NUMBER
International Standard Book Number 9780415079761
035 ## - SYSTEM CONTROL NUMBER
System control number (OCoLC)ocn818418395
082 04 - DEWEY DECIMAL CLASSIFICATION NUMBER
Classification number 330 KUR
100 1# - MAIN ENTRY--PERSONAL NAME
Personal name Kurien, C. T.
245 10 - TITLE STATEMENT
Title Wealth and illfare :
Remainder of title an expedition into real life economics /
Statement of responsibility, etc. C.T. Kurien.
264 #1 - PRODUCTION, PUBLICATION, DISTRIBUTION, MANUFACTURE, AND COPYRIGHT NOTICE
Place of production, publication, distribution, manufacture Karnataka :
Name of producer, publisher, distributor, manufacturer Books for Change,
Date of production, publication, distribution, manufacture, or copyright notice 2012.
300 ## - PHYSICAL DESCRIPTION
Extent 253 p. ;
Dimensions 22 cm.
365 ## - TRADE PRICE
Price amount Rs.399.00
505 ## - FORMATTED CONTENTS NOTE
Formatted contents note Introduction-<br/>Part I: Basic Economic Activities and Relationship-<br/>Chapter 1: The Economics of a Single Household-<br/>Chapter 2: The Economics of Multiple Households-<br/>Chapter 3: Exchange and Intermediation-<br/>Part II: The Intermediaries-<br/>Chapter 4: Money and Markets-<br/>Chapter 5: Banking and Finance-<br/>Part III: Production and Aggregation-<br/>Chapter 6: The Organisation of Production-<br/>Chapter 7: The State-<br/>Chapter 8: The National Economy-<br/>Chapter 9: The Global Economy-<br/>Part IV: The Indian Economy-<br/>Chapter 10: The Indian Economy: Evolution and Structure-<br/>Chapter 11: The Indian Economy: Growth and Transformation-<br/>Chapter 12: India Today: Wealth and Ill fare-<br/>Conclusion-<br/>Acknowledgements.<br/>
650 #0 - SUBJECT ADDED ENTRY--TOPICAL TERM
Topical term or geographic name entry element Economics.
651 #0 - SUBJECT ADDED ENTRY--GEOGRAPHIC NAME
Geographic name India
General subdivision Economic conditions.
942 ## - ADDED ENTRY ELEMENTS (KOHA)
Source of classification or shelving scheme Dewey Decimal Classification
Koha item type BOOKs
Holdings
Withdrawn status Lost status Source of classification or shelving scheme Materials specified (bound volume or other part) Damaged status Not for loan Home library Current library Shelving location Date acquired Source of acquisition Coded location qualifier Cost, normal purchase price Total Checkouts Full call number Barcode Date last seen Price effective from Koha item type
    Dewey Decimal Classification PB     . . General Stacks 14.08.2018 Purchased MPPSECTION 1409.00   330 KUR 36390 14.08.2019 14.08.2019 BOOKs